000 00797nam a2200241 a 4500
999 _c12557
_d12557
001 12557
003 BD-JhCC
005 20220905125932.0
008 220904b20102020bg |||| |||a 000 0 ben d
020 _a9789848613795
035 _a(BD-JhCC)12557
040 _aBD-JhCC
_dBD-JhCC
041 _aBengali
082 _a920
_bSHE 2020
245 _aশেখ রাসেল :
_bবাঙালির কনিষ্ঠতম ভূমিপুত্রের নাম /
_cসম্পাঃ আসলাম সানী।
260 _aঢাকা :
_bমিজান পাবলিশার্স ;
_c২০২০.
300 _a120 p. :
_bill;
_c22 cm.
650 _aBiography
650 _aSheikh Rasel
700 _aসানী, আসলাম
942 _2ddc
_cBK